[Event "XI MFSz PERLA BALTYKU"]
[Site "Lazy"]
[Date "2015.06.30"]
[Round "3.5"]
[White "Krainski, Aleksander"]
[Black "Niekras, Dawid"]
[Result "1-0"]
[WhiteElo "2165"]
[BlackElo "2276"]
[PlyCount "117"]
[EventDate "2015.??.??"]

1. Nf3 Nf6 2. g3 g6 3. Bg2 Bg7 4. O-O O-O 5. d4 d6 6. Nbd2 c5 7. dxc5 dxc5 8.
c3 Nc6 9. Nb3 Nd7 10. Be3 c4 11. Nbd4 Nxd4 12. Bxd4 e5 13. Be3 Nb6 14. Bc5 Re8
15. Qxd8 Rxd8 16. Rfd1 Bg4 17. h3 Na4 18. Ba3 Bxf3 19. Bxf3 Bf8 20. Bxb7 Rxd1+
21. Rxd1 Rb8 22. Bxf8 Kxf8 23. Bc6 Nb6 24. a4 Rc8 25. Bb5 Rc5 26. Rd8+ Kg7 27.
Rb8 Rd5 28. Rb7 Rd2 29. Rxa7 Rxb2 30. Be8 Nc8 31. Rxf7+ Kg8 32. Rc7 Nd6 33. Bc6
Rxe2 34. Bd5+ Kf8 35. Bxc4 Nxc4 36. Rxc4 Ra2 37. Kg2 Ke7 38. Rc7+ Ke6 39. Rxh7
Rxa4 40. Rg7 Kf6 41. Rc7 Ra2 42. Kf3 Rc2 43. h4 Ke6 44. Rc6+ Kf7 45. Ke3 Kg7
46. f4 exf4+ 47. Kxf4 Rf2+ 48. Kg5 Rf5+ 49. Kg4 Ra5 50. c4 Kh6 51. Rc8 Ra1 52.
Rc5 Rd1 53. Rd5 Rc1 54. Rd4 Rc2 55. Kf4 Rf2+ 56. Ke5 Rg2 57. Rg4 Rc2 58. Kd5
Rd2+ 59. Kc6 1-0

[Event "XI MFSz PERLA BALTYKU"]
[Site "Lazy"]
[Date "2015.06.30"]
[Round "3.6"]
[White "Lewicki, Miroslaw"]
[Black "Lewtak, Dominik"]
[Result "1-0"]
[WhiteElo "2224"]
[BlackElo "2153"]
[PlyCount "95"]
[EventDate "2015.??.??"]

1. e4 c5 2. Nf3 Nc6 3. Nc3 Nf6 4. b3 e6 5. Bb5 d5 6. Qe2 Be7 7. O-O O-O 8. Bxc6
bxc6 9. d3 Ba6 10. Bb2 Rb8 11. Rfe1 Re8 12. h3 Qa5 13. Ne5 Qc7 14. Ng4 c4 15.
exd5 cxd3 16. cxd3 cxd5 17. Nxf6+ gxf6 18. Rac1 Qf4 19. Rcd1 Kh8 20. Qh5 Bc5
21. Ne2 Qxf2+ 22. Kh1 Rg8 23. Rg1 e5 24. Rdf1 Qe3 25. Rxf6 Rg5 26. Qh6 Bf8 27.
Qh4 Bxd3 28. Rf3 Qxe2 29. Qxg5 Qxb2 30. Rxd3 Bg7 31. Rxd5 f6 32. Qg4 Qxa2 33.
Rd7 Rg8 34. Qe6 Qf2 35. Qd5 h6 36. Rd8 Rxd8 37. Qxd8+ Kh7 38. Qd3+ Kg8 39. Rc1
Qb6 40. Rc8+ Kf7 41. Qd7+ Kg6 42. Rg8 Kg5 43. Rxg7+ Kf4 44. Rg4+ Ke3 45. Rg3+
Kf2 46. Rf3+ Ke1 47. Qd3 e4 48. Rf1# 1-0

[Event "XI MFSz PERLA BALTYKU"]
[Site "Lazy"]
[Date "2015.06.30"]
[Round "3.7"]
[White "Eggink, Ryszard"]
[Black "Szustakowski, Antoni"]
[Result "1-0"]
[WhiteElo "2316"]
[BlackElo "1983"]
[PlyCount "81"]
[EventDate "2015.??.??"]

1. e4 e6 2. d4 d5 3. Nd2 c5 4. exd5 exd5 5. Ngf3 Nc6 6. Be2 c4 7. O-O Bd6 8. b3
cxb3 9. axb3 Nge7 10. c4 O-O 11. Re1 Re8 12. Nf1 Bb4 13. Bd2 Bxd2 14. Qxd2 Nf5
15. cxd5 Nce7 16. Bc4 Nd6 17. Ne3 b5 18. Bd3 Bb7 19. Ng5 h6 20. Ne4 Nxe4 21.
Bxe4 Nxd5 22. Bxd5 Bxd5 23. b4 Qd7 24. Rec1 Rec8 25. Rc5 Bc4 26. d5 Rxc5 27.
bxc5 Rd8 28. c6 Qd6 29. Rxa7 Qc5 30. Ra1 Qd6 31. Qd4 Qxc6 32. dxc6 Rxd4 33. c7
Be6 34. Ra8+ Kh7 35. c8=Q Bxc8 36. Rxc8 Rb4 37. Kf1 Rb1+ 38. Ke2 b4 39. Rc2 b3
40. Rd2 Ra1 41. Rb2 1-0

[Event "XI MFSz PERLA BALTYKU"]
[Site "Lazy"]
[Date "2015.06.30"]
[Round "3.8"]
[White "Karpus, Michal"]
[Black "Fraczek, Daniel"]
[Result "1-0"]
[WhiteElo "2114"]
[BlackElo "2411"]
[PlyCount "87"]
[EventDate "2015.??.??"]

1. e4 c5 2. Nf3 Nc6 3. d4 cxd4 4. Nxd4 g6 5. c4 Nf6 6. Nc3 d6 7. Nc2 Bg7 8. Be2
O-O 9. O-O Nd7 10. Bd2 Nc5 11. b4 Ne6 12. Rc1 Bd7 13. Nd5 f5 14. exf5 gxf5 15.
b5 Ne5 16. f4 Ng6 17. Be3 Nc5 18. Nd4 e6 19. Nc3 Qe7 20. Nb3 Rad8 21. Nxc5 dxc5
22. Qa4 Bd4 23. Nd1 e5 24. Bxd4 cxd4 25. fxe5 Qxe5 26. Bf3 a6 27. Nf2 axb5 28.
cxb5 Be8 29. Qa5 b6 30. Qxb6 Rb8 31. Qa7 Rxb5 32. Rfe1 Ra5 33. Qb6 Rb5 34. Qa6
Qb8 35. Rc8 Rb1 36. Qe6+ Bf7 37. Rxb8 Rfxb8 38. Qe2 Nf4 39. Qf1 Bxa2 40. g3 Ne6
41. Rxb1 Rxb1 42. Bd1 Rb2 43. Qd3 Bb1 44. Qa3 1-0

[Event "XI MFSz PERLA BALTYKU"]
[Site "Lazy"]
[Date "2015.06.30"]
[Round "3.9"]
[White "Baumann, Dariusz"]
[Black "Mulet, Piotr"]
[Result "0-1"]
[WhiteElo "2108"]
[BlackElo "2220"]
[PlyCount "106"]
[EventDate "2015.??.??"]

1. d4 Nf6 2. c4 g6 3. Nc3 d5 4. Bg5 Ne4 5. Bh4 Nxc3 6. bxc3 dxc4 7. e3 Be6 8.
Nf3 Bg7 9. Be2 O-O 10. O-O h6 11. Rb1 Nd7 12. Qc2 Nb6 13. Nd2 Re8 14. Bf3 c6
15. a4 Qd7 16. Rb2 Nc8 17. e4 Nd6 18. h3 b6 19. g4 Nb7 20. Be2 Na5 21. Kh2 Kh8
22. f4 f5 23. Rg1 fxe4 24. Qxe4 Bf7 25. Nf3 Qe6 26. Ne5 Bxe5 27. dxe5 Qd5 28.
Qe3 Qc5 29. Qxc5 bxc5 30. f5 Bd5 31. Bf2 Nb3 32. Bd1 gxf5 33. gxf5 Rg8 34. Bxb3
cxb3 35. Bxc5 Rxg1 36. Kxg1 Rg8+ 37. Kh2 Rg5 38. f6 exf6 39. exf6 Kg8 40. Re2
Bf3 41. Re8+ Kf7 42. Rf8+ Ke6 43. Re8+ Kd5 44. h4 Rf5 45. Bd4 c5 46. Be5 Kc4
47. Kg3 Bd1 48. Rd8 Bc2 49. Rb8 Rxe5 50. f7 Rf5 51. f8=Q Rxf8 52. Rxf8 b2 53.
Rb8 Bb3 0-1

[Event "XI MFSz PERLA BALTYKU"]
[Site "Lazy"]
[Date "2015.06.30"]
[Round "3.10"]
[White "Mielczarski, Miroslaw"]
[Black "Woloch, Oskar"]
[Result "1/2-1/2"]
[WhiteElo "2191"]
[BlackElo "2092"]
[PlyCount "70"]
[EventDate "2015.??.??"]

1. Nf3 c5 2. c4 Nc6 3. d4 cxd4 4. Nxd4 Nf6 5. Nc3 g6 6. e4 d6 7. Be2 Bg7 8. Be3
O-O 9. O-O Nd7 10. Qd2 a5 11. Rfd1 a4 12. Nxc6 bxc6 13. c5 a3 14. b4 Qc7 15.
cxd6 Qxd6 16. Qxd6 exd6 17. Rac1 Rb8 18. Rxd6 Rxb4 19. Rxc6 Rb2 20. Kf1 Nb8 21.
Rc5 Ba6 22. Bxa6 Nxa6 23. Ra5 Nb4 24. Rxa3 Nc2 25. Rb3 Nxe3+ 26. fxe3 Bxc3 27.
Rbxc3 Rxa2 28. Rc8 Rxc8 29. Rxc8+ Kg7 30. Rd8 h5 31. Rd5 Kf6 32. h4 Ke6 33. g3
Rb2 34. Ra5 Rc2 35. Rb5 Ra2 1/2-1/2

[Event "XI MFSz PERLA BALTYKU"]
[Site "Lazy"]
[Date "2015.06.30"]
[Round "3.11"]
[White "Kowalski, Maciej"]
[Black "Eggink, Mateusz"]
[Result "1/2-1/2"]
[WhiteElo "2107"]
[BlackElo "2177"]
[PlyCount "46"]
[EventDate "2015.??.??"]

1. e4 c5 2. Nf3 d6 3. d4 cxd4 4. Nxd4 Nf6 5. Nc3 a6 6. f3 e5 7. Nb3 Be6 8. Be3
Be7 9. Qd2 O-O 10. O-O-O Nbd7 11. g4 Nc5 12. Nxc5 dxc5 13. g5 Qxd2+ 14. Rxd2
Nd7 15. Nd5 Bd8 16. h4 Rc8 17. f4 g6 18. Bh3 Bxh3 19. Rxh3 exf4 20. Bxf4 Re8
21. e5 Ba5 22. c3 Re6 23. Re3 Bc7 1/2-1/2

[Event "XI MFSz PERLA BALTYKU"]
[Site "Lazy"]
[Date "2015.06.30"]
[Round "3.12"]
[White "Sliwicki, Damian"]
[Black "Miturova, Magdalena"]
[Result "1/2-1/2"]
[WhiteElo "2100"]
[BlackElo "2149"]
[PlyCount "101"]
[EventDate "2015.??.??"]

1. Nc3 Nf6 2. d4 d5 3. Bg5 Nbd7 4. e3 g6 5. Bd3 Bg7 6. h4 c6 7. Nge2 e5 8. dxe5
Nxe5 9. h5 Nxd3+ 10. Qxd3 Bf5 11. e4 Bxe4 12. Nxe4 Qa5+ 13. Qd2 Qxd2+ 14. Nxd2
Nxh5 15. O-O-O O-O 16. g4 Nf6 17. f3 Rae8 18. Ng3 Nd7 19. Rh3 f6 20. Bf4 Rf7
21. Bd6 Re6 22. Ba3 b6 23. f4 c5 24. Nf3 Re3 25. Rd3 Rxd3 26. cxd3 Bf8 27. b3
Bd6 28. Ne2 Re7 29. Kd2 b5 30. Rh1 Nb6 31. Bb2 d4 32. Ne1 Nd5 33. Ng2 Bc7 34.
Rh3 Re6 35. Rf3 b4 36. a4 bxa3 37. Bxa3 Rc6 38. Ke1 Bd6 39. Nc1 Ra6 40. Bb2 Bc7
41. Kf1 Kg7 42. Rf2 Kf7 43. Rc2 Ra5 44. Kf2 Nb4 45. Re2 Nd5 46. Kf3 Ra6 47. f5
g5 48. Re1 Be5 49. Rh1 Kg7 50. Re1 Kf7 51. Rh1 1/2-1/2

[Event "XI MFSz PERLA BALTYKU"]
[Site "Lazy"]
[Date "2015.06.30"]
[Round "3.13"]
[White "Chomczyk, Marek"]
[Black "Pilzak, Marcin"]
[Result "1/2-1/2"]
[WhiteElo "2090"]
[BlackElo "2145"]
[PlyCount "75"]
[EventDate "2015.??.??"]

1. d4 Nf6 2. c4 e6 3. Nc3 Bb4 4. Qc2 O-O 5. a3 Bxc3+ 6. Qxc3 b6 7. Nf3 Bb7 8.
g3 d6 9. Bg2 Nbd7 10. O-O a5 11. Bf4 a4 12. Rae1 Qe7 13. Bg5 h6 14. Bxf6 Nxf6
15. Nd2 Bxg2 16. Kxg2 e5 17. e4 Nd7 18. Nf3 Rfe8 19. dxe5 dxe5 20. Rd1 Nc5 21.
Qe3 c6 22. Nh4 Rad8 23. Nf5 Qe6 24. Qe2 Kh7 25. f3 g6 26. Ne3 Rd4 27. Rd2 Red8
28. Rfd1 R8d6 29. h4 Rxd2 30. Rxd2 Qd7 31. Rxd6 Qxd6 32. Qd1 Nd3 33. h5 Qd4 34.
hxg6+ fxg6 35. Qxa4 h5 36. Qa7+ Kh6 37. Qe7 Qxe3 38. Qf8+ 1/2-1/2

[Event "XI MFSz PERLA BALTYKU"]
[Site "Lazy"]
[Date "2015.06.30"]
[Round "3.14"]
[White "Kubicka, Anna"]
[Black "Snihur, Piotr"]
[Result "0-1"]
[WhiteElo "2014"]
[BlackElo "2124"]
[PlyCount "72"]
[EventDate "2015.??.??"]

1. e4 c5 2. Nf3 d6 3. d4 cxd4 4. Nxd4 Nf6 5. Nc3 e6 6. Bg5 Be7 7. Qd2 a6 8. f4
Nbd7 9. O-O-O Qc7 10. g4 b5 11. Bxf6 Nxf6 12. g5 Nd7 13. Kb1 b4 14. Nce2 Bb7
15. Ng3 g6 16. h4 Rc8 17. h5 Rg8 18. hxg6 hxg6 19. Bd3 Nc5 20. Rh7 d5 21. e5
Qb6 22. Be2 Ne4 23. Nxe4 dxe4 24. Nf5 Bd5 25. Nxe7 Kxe7 26. b3 a5 27. Bc4 Rcd8
28. Bxd5 Rxd5 29. Qe2 Rxd1+ 30. Qxd1 Rd8 31. Qe1 Qd4 32. Rh1 e3 33. Qf1 Qe4 34.
Rh2 Rd2 35. Rxd2 exd2 36. Qb5 d1=Q+ 0-1

[Event "XI MFSz PERLA BALTYKU"]
[Site "Lazy"]
[Date "2015.06.30"]
[Round "3.15"]
[White "Nowak, Kamil"]
[Black "Mazalon, Mariusz"]
[Result "1/2-1/2"]
[WhiteElo "2123"]
[BlackElo "2058"]
[PlyCount "82"]
[EventDate "2015.??.??"]

1. e4 c5 2. Nf3 a6 3. c4 d6 4. d4 Bg4 5. dxc5 Bxf3 6. gxf3 dxc5 7. Qxd8+ Kxd8
8. Nc3 e6 9. Bf4 Nf6 10. Na4 Nbd7 11. O-O-O Rc8 12. Be2 Ke8 13. Rd2 e5 14. Be3
Be7 15. Nc3 Nh5 16. Rhd1 Nf8 17. Nd5 Bd8 18. Bf1 b6 19. Bh3 Rb8 20. f4 exf4 21.
Nxf4 Nxf4 22. Bxf4 Ra8 23. Bd7+ Nxd7 24. Rxd7 h5 25. Rb7 g5 26. Bc7 Rh6 27.
Bxd8 Rxd8 28. Rxd8+ Kxd8 29. Rxf7 Re6 30. f3 g4 31. Kd2 Rd6+ 32. Ke3 Rd1 33.
Rf5 Re1+ 34. Kd3 Rd1+ 35. Ke2 Rb1 36. Rd5+ Ke7 37. Rd2 Ke6 38. f4 Rh1 39. Ke3
Re1+ 40. Re2 Rf1 41. Rf2 Re1+ 1/2-1/2

[Event "XI MFSz PERLA BALTYKU"]
[Site "Lazy"]
[Date "2015.06.30"]
[Round "3.16"]
[White "Karwowski, Kacper"]
[Black "Nowak, Lukasz"]
[Result "1/2-1/2"]
[WhiteElo "2003"]
[BlackElo "2116"]
[PlyCount "97"]
[EventDate "2015.??.??"]

1. e4 e6 2. d4 d5 3. Nd2 Be7 4. Bd3 c5 5. c3 cxd4 6. cxd4 dxe4 7. Nxe4 Nf6 8.
Nf3 Bd7 9. O-O Bc6 10. Qe2 O-O 11. Rd1 Nbd7 12. Ne5 Bxe4 13. Bxe4 Nxe4 14. Qxe4
Nxe5 15. Qxe5 Bf6 16. Qe4 Qd7 17. Be3 Rfd8 18. g3 Rac8 19. Rac1 Rxc1 20. Rxc1
h6 21. a3 a5 22. Rd1 a4 23. Rd2 Qb5 24. Qf3 Qb3 25. Kg2 Rd5 26. Qf4 Qb6 27. Rc2
Qd8 28. Qc7 Qxc7 29. Rxc7 b5 30. Rc8+ Kh7 31. Rc5 Kg6 32. Rxd5 exd5 33. g4 Be7
34. Bd2 f5 35. f3 Bh4 36. h3 Kf7 37. f4 fxg4 38. hxg4 g6 39. Kf3 h5 40. f5
hxg4+ 41. Kxg4 Bf2 42. Bc3 Be3 43. Kf3 Bc1 44. fxg6+ Kxg6 45. Ke2 Kf5 46. Kd3
Kf4 47. Kc2 Be3 48. Kd3 Kf3 49. Bb4 1/2-1/2

[Event "XI MFSz PERLA BALTYKU"]
[Site "Lazy"]
[Date "2015.06.30"]
[Round "3.17"]
[White "Zebracki, Tomasz"]
[Black "Januszkiewicz, Wojciech"]
[Result "1-0"]
[WhiteElo "2114"]
[BlackElo "2025"]
[PlyCount "99"]
[EventDate "2015.??.??"]

1. e4 c5 2. Nf3 d6 3. d4 cxd4 4. Nxd4 Nf6 5. Nc3 g6 6. Be3 Bg7 7. f3 O-O 8. Qd2
Nc6 9. O-O-O d5 10. exd5 Nxd5 11. Nxc6 bxc6 12. Nxd5 cxd5 13. Qxd5 Qc7 14. Qxa8
Bf5 15. Qxf8+ Kxf8 16. Rd2 h5 17. Bb5 Kg8 18. Ba4 Be6 19. Bb3 Bxb3 20. axb3 Qe5
21. Rd3 Qxb2+ 22. Kd2 a6 23. Rd8+ Kh7 24. Rc8 Qe5 25. Rc4 Bf6 26. Ke2 Bg5 27.
Re4 Qb5+ 28. c4 Qa5 29. Rd1 f5 30. Red4 Bf6 31. R4d3 Qe5 32. f4 Qe4 33. Kf2 h4
34. h3 g5 35. fxg5 Be5 36. Bb6 Bh2 37. Kf1 Kg6 38. Bf2 f4 39. Rd4 Qf5 40. R4d3
Qe4 41. c5 Qb7 42. Bxh4 Qb5 43. Bf2 e5 44. Ke1 Qb4+ 45. Kf1 Qb5 46. c6 e4 47.
c7 f3 48. c8=Q exd3 49. Qe6+ Kh7 50. Qf7+ 1-0

[Event "XI MFSz PERLA BALTYKU"]
[Site "Lazy"]
[Date "2015.06.30"]
[Round "3.18"]
[White "Wacior, Maciej"]
[Black "Kowalski, Igor"]
[Result "1/2-1/2"]
[WhiteElo "1921"]
[BlackElo "2106"]
[PlyCount "61"]
[EventDate "2015.??.??"]

1. d4 Nf6 2. Nf3 e6 3. Bf4 c5 4. e3 Nc6 5. c3 d5 6. Bd3 Be7 7. h3 Bd7 8. O-O
O-O 9. Bh2 Qb6 10. Qc2 Rac8 11. Ne5 cxd4 12. Nxc6 Bxc6 13. exd4 Bb5 14. Bxb5
Qxb5 15. Nd2 Qb6 16. Qb3 Qc6 17. f4 Bd6 18. f5 exf5 19. Rxf5 Rfe8 20. Bxd6 Qxd6
21. Raf1 Re2 22. R5f2 Rce8 23. Qxb7 Qg3 24. Nf3 R2e7 25. Qb5 Ne4 26. Rc2 Qf4
27. Ne5 Qe3+ 28. Kh2 Qg3+ 29. Kh1 Qe3 30. Kh2 Qg3+ 31. Kh1 1/2-1/2

[Event "XI MFSz PERLA BALTYKU"]
[Site "Lazy"]
[Date "2015.06.30"]
[Round "3.19"]
[White "Antolak, Julia"]
[Black "Smieszek, Wojciech"]
[Result "0-1"]
[WhiteElo "1987"]
[BlackElo "2035"]
[PlyCount "64"]
[EventDate "2015.??.??"]

1. e4 c5 2. Nf3 Nc6 3. d4 cxd4 4. Nxd4 g6 5. Nc3 Bg7 6. Be3 Nf6 7. Bc4 O-O 8.
Bb3 a5 9. a4 Ng4 10. Nxc6 Nxe3 11. Nxd8 Nxd1 12. Rxd1 Bxc3+ 13. bxc3 Rxd8 14.
Ke2 b6 15. Bc4 Bb7 16. Bd3 d5 17. exd5 Rxd5 18. f3 Rc8 19. Rb1 Rd6 20. h4 Rxc3
21. h5 Bc6 22. hxg6 hxg6 23. Rh4 Ra3 24. Rxb6 Bxf3+ 25. gxf3 Rxb6 26. Rd4 Kg7
27. Bb5 Rc3 28. Rd2 Rf6 29. Bd3 Ra3 30. c4 Re6+ 31. Kf2 Rd6 32. Ke2 Rc3 0-1

[Event "XI MFSz PERLA BALTYKU"]
[Site "Lazy"]
[Date "2015.06.30"]
[Round "3.20"]
[White "Sciborowski, Miroslaw"]
[Black "Kicinski, Jacek"]
[Result "1/2-1/2"]
[WhiteElo "2029"]
[BlackElo "2006"]
[PlyCount "132"]
[EventDate "2015.??.??"]

1. d4 d5 2. Nf3 Nf6 3. g3 Bf5 4. Bg2 h6 5. O-O e6 6. c4 c6 7. Qb3 Qb6 8. c5
Qxb3 9. axb3 Nbd7 10. Nc3 Ne4 11. Bf4 g5 12. Be3 Bg7 13. b4 O-O 14. Ra3 a6 15.
Na4 Rfe8 16. Rd1 e5 17. dxe5 Nxe5 18. Nb6 Rad8 19. Nd4 Bg6 20. f3 Nf6 21. Bf2
Nfd7 22. Nxd7 Rxd7 23. Re3 Rde7 24. b3 Nd7 25. Rxe7 Rxe7 26. Bh3 Bxd4 27. Rxd4
Bc2 28. Rd2 Bxb3 29. Bf5 Ne5 30. Rb2 Bd1 31. Rd2 Ba4 32. Ra2 Bb5 33. f4 Nd7 34.
fxg5 hxg5 35. h4 gxh4 36. gxh4 Ne5 37. Bd4 f6 38. Kf2 Rg7 39. Ra1 Kf7 40. Rh1
Ng4+ 41. Kf3 Nh6 42. Bc8 Kf8 43. Be3 Nf7 44. h5 Ne5+ 45. Kf4 Bxe2 46. h6 Rh7
47. Bf5 Rh8 48. Bd4 Bd3 49. Bxd3 Nxd3+ 50. Kf5 Kf7 51. Bxf6 Rh7 52. Rh4 Nf2 53.
Bg7 Ne4 54. Rf4 Rxg7 55. hxg7 Kxg7 56. Ke6 a5 57. bxa5 Nxc5+ 58. Kd6 Nb3 59. a6
bxa6 60. Kxc6 d4 61. Kd5 a5 62. Kc4 a4 63. Kb4 d3 64. Kxa4 d2 65. Rf1 Nd4 66.
Rd1 Nf3 1/2-1/2

[Event "XI MFSz PERLA BALTYKU"]
[Site "Lazy"]
[Date "2015.06.30"]
[Round "3.21"]
[White "Chylewski, Patryk"]
[Black "Filewicz, Przemyslaw"]
[Result "1-0"]
[WhiteElo "2131"]
[BlackElo "2052"]
[PlyCount "85"]
[EventDate "2015.??.??"]

1. d4 d5 2. c4 e6 3. Nc3 c6 4. Nf3 Nf6 5. cxd5 exd5 6. Qc2 Nbd7 7. Bg5 Be7 8.
e3 O-O 9. Bd3 h6 10. Bh4 Re8 11. O-O Ne4 12. Bxe7 Qxe7 13. Rab1 g5 14. Nd2 Ndf6
15. b4 a6 16. a4 Bf5 17. Ncxe4 Nxe4 18. Nxe4 Bxe4 19. Bxe4 dxe4 20. Rfc1 Qf6
21. Qb3 Qe6 22. Qxe6 Rxe6 23. Rc5 Kg7 24. Rbc1 Kg6 25. d5 cxd5 26. Rxd5 Rae8
27. g4 R8e7 28. Rcc5 f6 29. Kg2 h5 30. h4 hxg4 31. hxg5 b6 32. Rc8 f5 33. Rf8
Rf7 34. Rxf7 Kxf7 35. Rxf5+ Kg6 36. Rd5 Rc6 37. Kg3 Rc4 38. Rd6+ Kxg5 39. Rxb6
Kf5 40. Rxa6 Rxb4 41. Ra5+ Ke6 42. Kxg4 Rb2 43. Kf4 1-0

[Event "XI MFSz PERLA BALTYKU"]
[Site "Lazy"]
[Date "2015.06.30"]
[Round "3.22"]
[White "Sliwicka, Alicja"]
[Black "Kaczmarska, Joanna"]
[Result "0-1"]
[WhiteElo "2015"]
[BlackElo "1876"]
[PlyCount "110"]
[EventDate "2015.??.??"]

1. d4 d5 2. c4 c6 3. cxd5 cxd5 4. Nc3 Nf6 5. Nf3 Nc6 6. Bf4 e6 7. e3 Ne4 8.
Nxe4 dxe4 9. Nd2 f5 10. Be2 Bb4 11. a3 Bd6 12. Bxd6 Qxd6 13. Bh5+ g6 14. Be2
O-O 15. b4 Bd7 16. Rc1 Kh8 17. Nc4 Qd5 18. f4 g5 19. Rf1 Rg8 20. g3 gxf4 21.
Rxf4 Rgd8 22. Rb1 b5 23. Rh4 Be8 24. Nb2 e5 25. Rc1 exd4 26. Rc5 Qe6 27. Bxb5
dxe3 28. Qe2 Nd4 29. Qxe3 Bxb5 30. Rh6 Qf7 31. Kf2 Qg7 32. a4 Nf3 33. Qc3 Rd2+
34. Ke3 Rxb2 35. axb5 Qxc3+ 36. Rxc3 Kg7 37. Rd6 Rf8 38. Rc7+ Rf7 39. Rxf7+
Kxf7 40. Rd7+ Kg6 41. Rxa7 Rxb4 42. Rb7 Nd4 43. b6 Nc6 44. h3 Rb3+ 45. Kf2 h6
46. g4 f4 47. h4 Rb2+ 48. Ke1 e3 49. h5+ Kf6 50. Rh7 Rxb6 51. Rxh6+ Ke5 52. Rh8
f3 53. Re8+ Kf4 54. Kd1 f2 55. Ke2 Rb2+ 0-1

[Event "XI MFSz PERLA BALTYKU"]
[Site "Lazy"]
[Date "2015.06.30"]
[Round "3.23"]
[White "Kokoszczynski, Jan"]
[Black "Laszczak, Przemyslaw"]
[Result "1/2-1/2"]
[WhiteElo "1988"]
[BlackElo "1821"]
[PlyCount "59"]
[EventDate "2015.??.??"]

1. e4 c6 2. Nf3 d5 3. Nc3 Nf6 4. exd5 cxd5 5. d4 Nc6 6. Be2 Bf5 7. O-O e6 8.
Bf4 Be7 9. h3 h6 10. Bd3 Bxd3 11. Qxd3 O-O 12. Ne2 Rc8 13. c3 a6 14. b4 Nb8 15.
a4 Nbd7 16. Nd2 Nb6 17. f3 Bd6 18. Bxd6 Qxd6 19. Nb3 Nc4 20. Nc5 Qc7 21. a5 Nd7
22. f4 Nd6 23. Ng3 g6 24. Nxe6 fxe6 25. Qxg6+ Kh8 26. Qxh6+ Kg8 27. Qxe6+ Rf7
28. Qxd5 Qxc3 29. Qxd6 Qxg3 30. Qe6 1/2-1/2

[Event "XI MFSz PERLA BALTYKU"]
[Site "Lazy"]
[Date "2015.06.30"]
[Round "3.24"]
[White "Przerwa, Waldemar"]
[Black "Szewczak, Andrzej"]
[Result "1/2-1/2"]
[WhiteElo "1763"]
[BlackElo "1887"]
[PlyCount "130"]
[EventDate "2015.??.??"]

1. d4 f5 2. Nc3 Nf6 3. Bg5 d5 4. Bxf6 exf6 5. e3 c6 6. Bd3 Bd6 7. Nge2 Qe7 8.
Qd2 Be6 9. Nf4 Nd7 10. Nxe6 Qxe6 11. Ne2 Nb6 12. b3 g6 13. Rc1 Ba3 14. Rb1 a5
15. g3 O-O 16. O-O Rfe8 17. Nf4 Qf7 18. Be2 Re7 19. c3 Bd6 20. Rfc1 Bxf4 21.
exf4 Rae8 22. Bf1 Kg7 23. c4 Ra8 24. c5 Nd7 25. a4 Nf8 26. b4 axb4 27. Rxb4 Ne6
28. Ra1 Rae8 29. Bh3 Nd8 30. Bf1 Qe6 31. Rbb1 Qe4 32. Rd1 h6 33. Ra3 Qe6 34. a5
Qc8 35. a6 bxa6 36. Rxa6 Qb8 37. Rb6 Qa7 38. Rdb1 Re4 39. Ra6 Qe7 40. Rba1 Qf8
41. Ra7+ R8e7 42. Ra8 Re8 43. R1a7+ Nf7 44. Rxe8 Qxe8 45. Qb4 g5 46. fxg5 fxg5
47. Bd3 Re1+ 48. Kg2 f4 49. Qb7 Rd1 50. Bf5 Kf6 51. g4 Rxd4 52. Ra8 f3+ 53. Kh3
Rb4 54. Qa6 Rb8 55. Rxb8 Qxb8 56. Qxc6+ Kg7 57. Qxd5 Qf4 58. Be6 Ne5 59. Qd6
Qf6 60. Qc7+ Kf8 61. Bf5 h5 62. Qb8+ Kg7 63. Qc7+ Kf8 64. Qb8+ Kg7 65. Qc7+ Kf8
1/2-1/2

[Event "XI MFSz PERLA BALTYKU"]
[Site "Lazy"]
[Date "2015.07.01"]
[Round "4.4"]
[White "Stremavicius, Titas"]
[Black "Krainski, Aleksander"]
[Result "1-0"]
[WhiteElo "2442"]
[BlackElo "2165"]
[PlyCount "65"]
[EventDate "2015.??.??"]

1. d4 d5 2. c4 c6 3. Nf3 Nf6 4. Nc3 e6 5. e3 Nbd7 6. Qc2 b6 7. cxd5 exd5 8. Bd3
Be7 9. g4 Bb7 10. Bd2 g6 11. Rg1 O-O 12. Ne5 c5 13. f4 cxd4 14. exd4 Ne4 15.
O-O-O Rc8 16. Kb1 Ndf6 17. g5 Nxd2+ 18. Qxd2 Ne4 19. Bxe4 dxe4 20. Qe3 f6 21.
gxf6 Bxf6 22. Nxe4 Qd5 23. Nc3 Qe6 24. Qd3 Bg7 25. Rgf1 Qf5 26. Qxf5 Rxf5 27.
Nb5 Rd8 28. Nxa7 Ba6 29. Nac6 Bxf1 30. Nxd8 Bg2 31. Ne6 Be4+ 32. Ka1 Rf6 33. d5
1-0

[Event "XI MFSz PERLA BALTYKU"]
[Site "Lazy"]
[Date "2015.07.01"]
[Round "4.5"]
[White "Rudolf, Michal"]
[Black "Zebracki, Tomasz"]
[Result "1/2-1/2"]
[WhiteElo "2322"]
[BlackElo "2114"]
[PlyCount "89"]
[EventDate "2015.??.??"]

1. e4 e6 2. d4 d5 3. Nc3 Nf6 4. Bg5 dxe4 5. Nxe4 Nbd7 6. Nxf6+ Nxf6 7. Nf3 Be7
8. Bd3 O-O 9. Qe2 c5 10. dxc5 Qa5+ 11. c3 Qxc5 12. O-O Bd7 13. Ne5 Bc6 14. Nxc6
Qxc6 15. Rad1 Rfd8 16. Bc2 h6 17. Bh4 Rxd1 18. Rxd1 Rd8 19. Rxd8+ Bxd8 20. Qd3
Be7 21. Qd4 b6 22. h3 Qc5 23. Qxc5 Bxc5 24. Kf1 Kf8 25. Bg3 Ke7 26. Bb8 a5 27.
Be5 g6 28. Ke2 Nd5 29. a3 Bd6 30. Bg7 Bf4 31. c4 Nf6 32. Kd3 Be5 33. b4 axb4
34. axb4 Ng4 35. Bxe5 Nxe5+ 36. Kc3 Kd6 37. f4 Nc6 38. Be4 Ne7 39. Kd4 Nf5+ 40.
Bxf5 gxf5 41. c5+ bxc5+ 42. bxc5+ Kd7 43. g4 fxg4 44. hxg4 f6 45. Kc4 1/2-1/2

[Event "XI MFSz PERLA BALTYKU"]
[Site "Lazy"]
[Date "2015.07.01"]
[Round "4.6"]
[White "Snihur, Piotr"]
[Black "Eggink, Ryszard"]
[Result "1-0"]
[WhiteElo "2124"]
[BlackElo "2316"]
[PlyCount "69"]
[EventDate "2015.??.??"]

1. d4 Nf6 2. c4 g6 3. f3 Bg7 4. e4 O-O 5. Nc3 d6 6. Nge2 e5 7. Bg5 Nbd7 8. Qd2
c6 9. d5 Nb6 10. Qd3 cxd5 11. cxd5 h6 12. Be3 Ne8 13. g4 f5 14. gxf5 gxf5 15.
O-O-O Qh4 16. Bd2 fxe4 17. fxe4 Bg4 18. Bg2 Rc8 19. Be1 Qh5 20. Kb1 Nf6 21. h3
Rxc3 22. Nxc3 Bxd1 23. Nxd1 Qg6 24. Qc2 Nh5 25. Rg1 Nf4 26. Bf2 Qh5 27. Bf1 Kh8
28. Ne3 Bf6 29. Nf5 Rc8 30. Qd2 Bg5 31. h4 Qf3 32. Nxd6 Nd3 33. Bg2 Qxg2 34.
Nf7+ Kg8 35. Rxg2 1-0

[Event "XI MFSz PERLA BALTYKU"]
[Site "Lazy"]
[Date "2015.07.01"]
[Round "4.7"]
[White "Mulet, Piotr"]
[Black "Karpus, Michal"]
[Result "1/2-1/2"]
[WhiteElo "2220"]
[BlackElo "2114"]
[PlyCount "117"]
[EventDate "2015.??.??"]

1. e4 e5 2. Nf3 Nc6 3. Bc4 Bc5 4. c3 Nf6 5. d4 exd4 6. O-O Nxe4 7. cxd4 d5 8.
dxc5 dxc4 9. Qxd8+ Kxd8 10. Rd1+ Bd7 11. Ng5 Re8 12. Nxf7+ Kc8 13. Nd2 Nxd2 14.
Bxd2 b5 15. cxb6 axb6 16. Bc3 Bf5 17. Bxg7 Bg4 18. Re1 Rxe1+ 19. Rxe1 Rxa2 20.
Nh6 Be6 21. f4 Bd5 22. f5 Nb4 23. Bc3 Nd3 24. Rd1 b5 25. f6 b4 26. Bd4 c5 27.
f7 Bxf7 28. Nxf7 cxd4 29. Nd6+ Kc7 30. Nxc4 Nxb2 31. Nxb2 Rxb2 32. Rxd4 b3 33.
Rb4 Kc6 34. h4 Kc5 35. Rb8 Kc4 36. Rc8+ Kd3 37. Rd8+ Kc2 38. Rc8+ Kd1 39. Rb8
Rb1 40. Kh2 Kc2 41. Rc8+ Kb2 42. Rh8 Rc1 43. Rxh7 Rc4 44. h5 Kc3 45. h6 b2 46.
Rb7 Rh4+ 47. Kg3 Rxh6 48. Rc7+ Kd2 49. Rb7 Kc1 50. Rc7+ Kb1 51. Kf4 Rb6 52. g4
Ka2 53. Rc2 Ka3 54. Rxb2 Rxb2 55. g5 Kb4 56. Ke5 Kc5 57. g6 Rb6 58. Kf5 Kd6 59.
g7 1/2-1/2

[Event "XI MFSz PERLA BALTYKU"]
[Site "Lazy"]
[Date "2015.07.01"]
[Round "4.9"]
[White "Niekras, Dawid"]
[Black "Kowalski, Maciej"]
[Result "1-0"]
[WhiteElo "2276"]
[BlackElo "2107"]
[PlyCount "43"]
[EventDate "2015.??.??"]

1. e4 c5 2. Nf3 Nc6 3. d4 cxd4 4. Nxd4 Nf6 5. Nc3 d6 6. Bc4 Qb6 7. Nxc6 bxc6 8.
O-O g6 9. Qe1 Ng4 10. h3 Ne5 11. Na4 Qd4 12. Bb3 Ba6 13. Bd2 f5 14. Be3 Qxe4
15. f3 Nxf3+ 16. Rxf3 Bg7 17. Rd1 Bb5 18. Nc3 Qb4 19. a3 Qa5 20. Rxd6 Bxc3 21.
bxc3 Qxa3 22. Re6 1-0